Panorama urbano y cultural de Quito
Zapisane w:
| 1. autor: | |
|---|---|
| Format: | Książka |
| Język: | hiszpański |
| Wydane: |
Quito
Dirección General de Planificación
1994
|
| Seria: | Serie Quito 10
|
| Hasła przedmiotowe: | |
| Etykiety: |
Dodaj etykietę
Nie ma etykietki, Dołącz pierwszą etykiete!
|
MARC
| LEADER | 00000nam a2200000 a 4500 | ||
|---|---|---|---|
| 001 | UCR6208 | ||
| 003 | CL-VaPUC | ||
| 008 | 980420e19940000EC |||||||||||||||||spa|d | ||
| 082 | 0 | 4 | |a 720.986 |b ADO |2 21 |
| 100 | 0 | |a Adoúm, Rosalba |e author |9 407415 | |
| 245 | 1 | 0 | |a Panorama urbano y cultural de Quito |
| 300 | |a 238 p | ||
| 942 | |c BK | ||
| 945 | |d 19980420 00:00:00 |a rbrito | ||
| 260 | |a Quito |b Dirección General de Planificación |c 1994 | ||
| 650 | 0 | |a Arquitectura ecuatoriana |9 352938 | |
| 650 | 0 | |a Historia |9 255047 | |
| 650 | 0 | |a Cultura |9 269059 | |
| 650 | 7 | |a DESARROLLO URBANO |2 CL-VaPUC |9 407416 | |
| 650 | 0 | |a Museos |9 269209 | |
| 650 | 7 | |a CONSERVACION DE EDIFICIOS HISTORICOS |2 CL-VaPUC |9 407417 | |
| 651 | 7 | |a QUITO |2 CL-VaPUC |9 352939 | |
| 651 | 0 | |a Ecuador |9 258378 | |
| 583 | |a last modification |c 19980420 00:00:00 |k Rodrigo Vera | ||
| 490 | 0 | |a Serie Quito 10 | |
| 999 | |c 268505 |d 268503 | ||
| 952 | |0 0 |1 0 |4 0 |6 720_986000000000000_ADO_1994 |7 0 |8 A |9 301689 |a BIBARQ |b BIBARQ |d 2019-11-20 |i 2655314 |o 720.986 ADO 1994 |p 2655314 |r 2025-01-20 |w 2019-11-20 |y BK |k ARQ | ||